Nonlinear control of vehicles and robots

Zapisane w:
Opis bibliograficzny
Główni autorzy: Lantos, Béla (Autor), Marton, Lorinc (Autor)
Format: Książka
Język:angielski
Wydane: Londond, United Kingdom. Springer, 2011
Seria:Advances in Industrial Control. ICMI Study, 15
Hasła przedmiotowe:
Etykiety: Dodaj etykietę
Nie ma etykietki, Dołącz pierwszą etykiete!

MARC

LEADER 00000cam a2200000 a 4500
001 UCF5836
003 CL-VaPUC
005 20211222152458.0
008 130328e20110000UK |||||||||||||||||eng|d
999 |c 351235  |d 351233 
020 |a 9781849961219 
040 |c Pontificia Universidad Católica de Valparaíso 
082 0 4 |a 629.836 LAN 2011  |2 21 
100 0 |a Lantos, Béla  |e author  |9 567807 
245 1 0 |a Nonlinear control of vehicles and robots 
260 |a Londond, United Kingdom.  |b Springer,   |c 2011 
300 |a 459 páginas 
490 0 |a Advances in Industrial Control. ICMI Study, 15 
583 |a last modification  |c 20170321 11:32:57  |k Rodrigo Vera 
650 0 |a Control no lineal  |2 CL-VaPUC  |9 450470 
650 0 |a Control automático  |9 259890 
650 0 |a Robots  |9 263117  |x Sistema de control  
650 0 |a Ingeniería mecatrónica  |9 865424 
700 0 |a Marton, Lorinc  |e author  |9 567808 
942 |c BK  |2 ddc 
945 |d 20130328 00:00:00  |a dcastane 
952 |0 0  |1 0  |2 ddc  |4 0  |6 629_836000000000000_LAN_2011  |7 0  |8 A  |9 455235  |a BIBING  |b BIBING  |c GEN  |d 2019-11-22  |i 4959159  |o 629.836 LAN 2011  |p 4959159  |r 2025-01-20  |w 2019-11-22  |y BK  |k CIC